Statistics for Nile Countries Quiz

Click here to take the quiz!

General Stats

  • This quiz has been taken 1,690 times
  • The average score is 9 of 10

Answer Stats

Country% Correct
Egypt
100%
Sudan
97%
South Sudan
95%
Ethiopia
93%
Kenya
91%
Uganda
88%
Tanzania
87%
Rwanda
83%
Burundi
77%
DR Congo
75%

Score Distribution

Percentile by Number Answered

Percent of People with Each Score

Your Score History

You have not taken this quiz